000 00532 a2200169 4500
020 _a9780007120741
_c575.60
035 _aB-211582
037 _bRP-ZLS-2783 / UBH-07-08:6 / RP-07-08:ENG
082 1 4 _aN
090 _c5038
_d5038
100 1 _aChristies, Agatha
245 1 _aLord Edgware dies
_cby Agatha Christies
260 _aLondon
_bHarper Collins Publishers
_c2001
300 _a351 p
_c18 cm (pbk)
942 _adpl
_cEN
_kN / CHI
999 _c4941
_d4941